Mira Bai and Her Padas (Record no. 11276)

MARC details
000 -LEADER
fixed length control field 00611nam a2200253 a 4500
020 ## - INTERNATIONAL STANDARD BOOK NUMBER
ISBN
082 00 - DEWEY DECIMAL CLASSIFICATION NUMBER
Classification number 291.4
Author Cutter BAH
100 ## - MAIN ENTRY--AUTHOR NAME
Author name Bahadur, Krishna P
245 ## - TITLE STATEMENT
Title Mira Bai and Her Padas
260 ## - PUBLICATION, DISTRIBUTION, ETC. (IMPRINT)
Place of publication Delhi
Name of publisher Munshiram Manoharlal Pub
Year of publication 1998
300 ## - PHYSICAL DESCRIPTION
Number of Pages 115p
500 ## - GENERAL NOTE
General note includes index and biblioraphy
505 2# - FORMATTED CONTENTS NOTE
Formatted contents note bibliography, index
650 ## - SUBJECT ADDED ENTRY--TOPICAL TERM
Topical Term Bhakti
650 ## - SUBJECT ADDED ENTRY--TOPICAL TERM
Topical Term Mira Bai
942 ## - ADDED ENTRY ELEMENTS (KOHA)
Koha item type Books
700 1# -
-- Bahadur, Krishna P
Holdings
Collection code Home library Current library Date acquired Cost, normal purchase price Full call number Accession Number Koha item type
  Henry Martyn Institute Library Henry Martyn Institute Library 07/19/2007 215.00 291.4 BAH 018126 Books
                   Copyright © 2026 | Henry Martyn Institute | Hyderabad | TS-500052 | INDIA | Implemented by hmi.edu.in
Hit-Count:

Powered by Koha